Mester de picardia /

Guardado en:
Bibliografiske detaljer
Hovedforfatter: Cea, José Roberto, 1939-
Format: Ukendt
Sprog:Spanish
Udgivet: El Salvador, España : Canoa Editores, [19--].
Fag:
Tags: Tilføj Tag
Ingen Tags, Vær først til at tagge denne postø!

MARC

LEADER 000000000a22000000004500
001 008657
008 191024b xxu||||| |||| 00| 0 spa d
041 0 |a spa 
082 0 4 |a ES861.44   |b C387m 
100 1 |a Cea, José Roberto,   |d 1939- 
245 1 0 |a Mester de picardia /   |c José Roberto Cea. 
260 1 |a El Salvador, España :   |b Canoa Editores,   |c [19--]. 
300 |a 75 páginas :   |b ilustraciones 
650 4 |a LITERATURA SALVADOREÑA  |9 33 
650 4 |a POESIA  |9 159 
942 |c BK  |2 ddc 
999 |c 14208  |d 14208